000 00479cam a22001097a 4500
008 180718b1973 xxu||||| |||| 00| 0 eng d
082 _aR112x54 In2rp
245 _aStudy of the problem of unemployment in some selected urban and rural areas of West Bengal
_cby Ministry of Labour and Rehabilitation, Committee on Unemployment
260 _aNew Delhi
_bGovernment of India
_c1973
300 _aiv, 96p
700 _aIndia,Ministry of Labour and Rehabilitation, Committee on Unemployment
999 _c495690
_d495690